000 00271nam a2200109Ia 4500
008 230320s9999||||xx |||||||||||||| ||spa||
082 _a189/C96D
100 _aCusa, Nicolas De
245 0 _aDe Dios Escondido De La Búsqueda De Dios
260 _bAguilar
942 _80
_cLIB
999 _c26198
_d26198